| 000 | 00620nam a2200181Ia 4500 | ||
|---|---|---|---|
| 003 | GCL | ||
| 005 | 20240530103641.0 | ||
| 008 | 140319s9999 xx 000 0 ara d | ||
| 040 |
_aGCL / _cGCL |
||
| 082 | 0 | 4 |
_a632 _bأ أ |
| 100 | 1 | _aاعضاء هيئة التدريس بجامعة الملك سعود | |
| 245 | 1 | 0 |
_aاساسيات وقاية المزروعات / _cاعضاء هيئة التدريس بجامعة الملك سعود |
| 650 | 0 | 4 | _aالافات الزراعية |
| 650 | 0 | 4 | _aالمبيدات |
| 650 | 0 | 4 | _aامراض النباتات |
| 650 | 0 | 4 | _aالحشرات الزراعية |
| 942 |
_2ddc _cBK |
||
| 999 |
_c41404 _d41404 |
||